Vplyv vonkajších faktorov na fyziológiu buniek

Salvato in:
Dettagli Bibliografici
Autore principale: Kaliňáková, Barbora (Autore)
Altri autori: (Relatore della tesi)
Natura: Manoscritto Libro
Lingua:slovacco
Pubblicazione: 2021
Soggetti:
Accesso online:http://is.stuba.sk/zp/portal_zp.pl?podrobnosti_zp=83445
Tags: Aggiungi Tag
Nessun Tag, puoi essere il primo ad aggiungerne!!

MARC

LEADER 00000ntm a22000003a 4500
001 stuzp83445
003 SK-STU
005 20220319210241.2
007 ta
008 150427s2015----xo-----f-mn---000-0-slo-d
040 |a STU  |b slo 
041 0 |a slo 
100 1 |a Kaliňáková, Barbora  |u 040906  |k Z1  |4 aut  |U FCHPT Dekanát  |T FCHPT Projektové stredisko  |X 38072  |U 040906  |Y 693  |7 A000038072 
242 0 1 |a Influence of External Factors on Cell Physiology  |y eng 
245 1 0 |a Vplyv vonkajších faktorov na fyziológiu buniek 
260 |c 2021 
650 4 |a fyziológia mikroorganizmov  |2 slo 
650 4 |a koordinačné zlúčeniny medi  |2 slo 
650 4 |a mechanizmus účinku  |2 slo 
650 4 |a nízkoteplotná plazma  |2 slo 
650 4 |a copper coordination compounds  |2 eng 
650 4 |a low temperature plasma  |2 eng 
650 4 |a mechanism of action  |2 eng 
650 4 |a physiology of microorganisms  |2 eng 
700 1 |a ,  |4 ths  |X null  |7 null 
856 4 |u http://is.stuba.sk/zp/portal_zp.pl?podrobnosti_zp=83445